| 000 | 02220cas a22005295i 4500 | ||
|---|---|---|---|
| 999 |
_c534402 _d534402 |
||
| 001 | 21300254 | ||
| 003 | NUST | ||
| 005 | 20200219093926.0 | ||
| 008 | 191115c20189999pk fr p 0 0eng | ||
| 010 | _a 2019332074 | ||
| 022 |
_a2415-0304 _l2415-0304 |
||
| 035 | _a(OCoLC)on1127645611 | ||
| 038 | _aAtta | ||
| 040 |
_aDLC _beng _erda _cDLC _dDLC _dOCLCO _dDLC _dOCLCF |
||
| 042 | _apcc | ||
| 043 | _aa-pk--- | ||
| 050 | 0 | 0 |
_aHC440.5.A1 _bE47 |
| 082 | _aVol- | ||
| 210 | 0 | _aEmpir. econom. rev. | |
| 222 | 0 | _aEmpirical economic review | |
| 245 | 0 | 0 |
_aEmpirical economic review : _beconomist's insight to a win-win. |
| 246 | 1 | 3 | _aEER |
| 264 | 1 |
_aLahore : _bDepartment of Economics School of Business and Economics, University of Management and Technology |
|
| 300 |
_aVolumes ; _c24 cm |
||
| 310 | _aSemiannual | ||
| 336 |
_atext _btxt _2rdacontent |
||
| 337 |
_aunmediated _bn _2rdamedia |
||
| 338 |
_avolume _bnc _2rdacarrier |
||
| 362 | 1 | _aBegan publication in 2018. | |
| 530 | _aAlso available via the World Wide Web. | ||
| 588 | _aDescription based on: Volume 1, issue 1 (Summer 2018); title from title page. | ||
| 588 | _aLatest issue consulted: Volume 1, issue 1 (Summer 2018). | ||
| 590 | _aAcquired via LC overseas office. Islamabad Field Office. Most recent issues may not yet be available in LC Washington. | ||
| 610 | 2 | 0 |
_aUniversity of Management and Technology (Pakistan). _bSchool of Business and Economics. _bDepartment of Economics _vPeriodicals. _928534 |
| 648 | 7 |
_a2000-2099 _2fast _919929 |
|
| 650 | 7 |
_aEconomic history. _2fast _0(OCoLC)fst00901974 _928535 |
|
| 650 | 7 |
_aEconomic policy. _2fast _0(OCoLC)fst00902025 _95666 |
|
| 651 | 0 |
_aPakistan _xEconomic policy _vPeriodicals. _928536 |
|
| 651 | 0 |
_aPakistan _xEconomic conditions _y21st century _vPeriodicals. _928537 |
|
| 651 | 7 |
_aPakistan. _2fast _0(OCoLC)fst01210275 _928538 |
|
| 655 | 7 |
_aPeriodicals. _2fast _0(OCoLC)fst01411641 _928539 |
|
| 710 | 2 |
_aUniversity of Management and Technology (Pakistan). _bSchool of Business and Economics. _bDepartment of Economics, _epublisher. _928540 |
|
| 906 |
_a7 _bcbc _cserorig _d3 _encip _f20 _gn-oclcserc |
||
| 942 |
_2ddc _cCR |
||